Statistics for Teams that have beaten Morocco at the Fifa World Cup

Click here to take the quiz!

General Stats

  • This quiz has been taken 26 times
  • The average score is 8 of 11

Answer Stats

YearScoreAnswer% Correct
20222-0France
100%
20222-1Croatia
96%
20181-0Portugal
96%
19983-0Brazil
84%
20181-0Iran
76%
19941-0Belgium
64%
19942-1Netherlands
64%
19702-1West Germany
52%
19861-0West Germany
52%
19703-0Peru
48%
19942-1Saudi Arabia
44%

Score Distribution

Percentile by Number Answered

Percent of People with Each Score

Your Score History

You have not taken this quiz